|
|
|
|
| LEADER |
01234nam a2200301 u 4500 |
| 001 |
10118343 |
| 003 |
upatras |
| 005 |
20210117205641.0 |
| 008 |
151119s1943 fr fre |
| 020 |
|
|
|a 2711604861
|
| 040 |
|
|
|a GR-PaULI
|c GR-PaULI
|
| 041 |
0 |
|
|a fre
|
| 082 |
0 |
4 |
|a 194
|
| 100 |
1 |
|
|a Lenoble, Robert
|4 aut
|9 147591
|
| 245 |
1 |
0 |
|a Mersenne ou la naissance du mechanisme
|c par Robert Lenoble
|
| 260 |
|
|
|a Paris
|b Libraire Philosophique J. Vrin
|c 1943
|
| 300 |
|
|
|a lxiii, 633 σ.
|c 21 εκ.
|
| 490 |
0 |
|
|a Bibliotheque d'histoire de la philosophie
|
| 504 |
|
|
|a Περιέχει βιβλιογραφία και ευρετήριο
|
| 600 |
1 |
4 |
|a Mersenne- Marin
|d 1588-1648
|9 147592
|
| 650 |
|
4 |
|a Φιλόσοφοι
|y 16ος αιώνας
|z Γαλλία
|9 28097
|
| 650 |
|
4 |
|a Μηχανισμός (Φιλοσοφία)
|9 88426
|
| 760 |
0 |
|
|a Bibliotheque d'histoire de la philosophie
|
| 852 |
|
|
|a GR-PaULI
|b ΠΑΤΡΑ
|b ΦΙΛΟΣΟΦΙΑ
|k ΑΣΧΞ-4
|h 194 LEN
|m 10923
|p 025000187525
|t 1
|
| 942 |
|
|
|2 ddc
|c BK15
|
| 952 |
|
|
|0 0
|1 0
|4 0
|6 194_000000000000000_LEN
|7 0
|9 186584
|a PHIL
|b PHIL
|d 2016-04-24
|i 10923
|l 0
|o 194 LEN
|p 025000187525
|r 2016-04-24 00:00:00
|t 1
|w 2016-04-24
|y BK15
|
| 998 |
|
|
|c ΚΑΝΕΛΛΟΠΟΥΛΟΥ
|d 2015-11
|
| 999 |
|
|
|c 115009
|d 115009
|